| 000 | 00437nab a2200145Ia 4500 | ||
|---|---|---|---|
| 003 | ES-SlBCS | ||
| 005 | 20230721011008.0 | ||
| 008 | 140529s1952 xxu||||| |||| 00| 0 eng d | ||
| 041 | _aeng | ||
| 100 | 1 |
_aGallup, Anthony _9138974 |
|
| 245 | 0 | 0 |
_aSaint Thomas and the Hurdles _c Anthony Gallup |
| 600 | 0 | 0 |
_aTomás de Aquino, _cSanto _d(1225?-1274) _91535 |
| 773 | 0 |
_tDominicana _gvol. 37, nº. 2, 1952, págs. 168-180 _wRev1398 |
|
| 942 | _cAR | ||
| 999 |
_c512187 _d512187 |
||